Ancient Rome by letter: 'A' - Statistics

General Stats
  • This quiz has been taken 373 times
    365 since last reset
  • The average score is 6 of 21
Answer Stats
Question Answer % Correct
First emperor, from 27 BCE to 14 CE Augustus
95%
Channelled water through the city Aqueduct
69%
Roman god of the sun and light Apollo
59%
The main road connecting Rome with Brundisium (in English) Appian Way
57%
Julius Caesar's Master of the Horse - Marcus... Antonius
48%
Friend and favourite of Augustus, who married Julia, the Emperor's daughter Agrippa
42%
Meaning "theatre on both sides" in Greek, the Romans watched gladiatorial games in these buildings Amphitheatre
36%
Agnomen given to Publius Cornelius Scipio for his exploits in the Second Punic War Africanus
32%
The name shared by the wife of Germanicus and the mother of Nero Agrippina
31%
Last Western Roman Emperor (ruled 475 to 476) - Romulus... Augustulus
28%
Naval battle of 31 BCE in which Octavian defeated Antony and Cleopatra Actium
26%
Roman province in what is now modern-day Turkey Asia Minor
23%
Latinised name of the Germanic chieftain Hermann, responsible for the massacre in Teutoberg Forest Arminius
17%
Magistrate responsible for the upkeep of Rome Aedile
12%
The fourth king of Rome Ancus Marcius
6%
Cognomen of Nero Ahenobarbus
5%
Syrian king who fought against Rome in the Syrian War Antiochus
5%
An honorific monument from the first century CE Arch of Titus
4%
Germanic king who fought against Caesar during the Gallic War Ariovistus
4%
Roman statesman often given the sobriquet "the blind" Appius Claudius
2%
An agricultural festival held annually in May, during which Ceres was worshipped Ambarvalia
1%
No matching quizzes found
Score Distribution
Percent of People with Each Score
Percentile by Number Answered
Your Score History
You have not taken this quiz since the last reset